Colonialism and resistance in India : (Record no. 88308)

MARC details
000 -LEADER
fixed length control field 00656nam a22001817a 4500
005 - DATE AND TIME OF LATEST TRANSACTION
control field 20140905120725.0
010 ## - LCCN (DPL NO)
LC control number ENG-110747
020 ## - INTERNATIONAL STANDARD BOOK NUMBER
International Standard Book Number 9788183876209
Terms of availability 1500.00
035 ## - SYSTEM CONTROL NUMBER
System control number EN-94279
037 ## - SOURCE OF ACQUISITION
Source of stock number/acquisition DBAD/PUB
082 ## - DEWEY DECIMAL CLASSIFICATION NUMBER
Classification number 954.84
100 ## - MAIN ENTRY--PERSONAL NAME
Personal name Reddy, Devireddy Subramanyam
245 ## - TITLE STATEMENT
Title Colonialism and resistance in India :
Statement of responsibility, etc by Devireddy Subramananyam Reddy
Remainder of title a study of the palegars of Chittoor palems of Andhra Pradesh /
260 ## - PUBLICATION, DISTRIBUTION, ETC. (IMPRINT)
Place of publication, distribution, etc New Delhi
Name of publisher, distributor, etc Serials Publications
Date of publication, distribution, etc 2014
270 ## - ADDRESS
Address 4830/24, Prahlad Street, Ansari Road, Darya Ganj
City New Delhi
Postal code 110002
300 ## - PHYSICAL DESCRIPTION
Extent 393p. :
Dimensions 24cm(Hb)
Other physical details maps
942 ## - ADDED ENTRY ELEMENTS (KOHA)
Source of classification or shelving scheme Dewey Decimal Classification
Item type English Books
Classification part 954.84
Call number suffix RED
Holdings
Withdrawn status Lost status Not for loan Collection code Home library Current library Date acquired Source of acquisition Cost, normal purchase price Full call number Barcode Copy number Cost, replacement price Koha item type
    Not For Loan Non-fiction D.B.Act.Division D.B.Act.Division 04/09/2014 DBAD / PUB 1500.00 954.84 RED EN-94279 1 1500.00 English Books

© Delhi Public Library
Hit Counter
free hit counter